00387nam a2200145Ia 4500008004100000020001500041041000800056082001500064100002700079245005300106250000600159260003000165300001200195650003400207210716s2006 xx 000 0 und d a8181284593 aeng a005.2 DANS aDandamudi, Sivarama P. aGuide to assembly language programming in linux. a1 aNew DelhibSpringerc2006 axvi,543 aProgramming Languages(005.13)